लोक कला / (Record no. 103732)

MARC details
000 -LEADER
fixed length control field 00815nam a22001817a 4500
005 - DATE AND TIME OF LATEST TRANSACTION
control field 20230821110137.0
010 ## - LCCN (DPL NO)
LC control number HIN-109433
020 ## - INTERNATIONAL STANDARD BOOK NUMBER
Terms of availability 250.00
International Standard Book Number 9788195526420
035 ## - SYSTEM CONTROL NUMBER
System control number HN-81779
037 ## - SOURCE OF ACQUISITION
Source of stock number/acquisition DBAD/PUB
082 ## - DEWEY DECIMAL CLASSIFICATION NUMBER
Classification number 709.54
100 ## - MAIN ENTRY--PERSONAL NAME
Personal name धुलधोये, लीला (मोरे )
245 ## - TITLE STATEMENT
Title लोक कला /
Statement of responsibility, etc लीला (मोरे ) धुलधोये
260 ## - PUBLICATION, DISTRIBUTION, ETC. (IMPRINT)
Place of publication, distribution, etc मध्य प्रदेश
Name of publisher, distributor, etc श्री विनय प्रकाशन
Date of publication, distribution, etc 2022
270 ## - ADDRESS
Address 3189/ई , सुदामा नगर गोपुर चौराहा बैंक ऑफ़ इंडिया के पास
City मध्य प्रदेश
Postal code 452009
300 ## - PHYSICAL DESCRIPTION
Extent 96पृ
Dimensions 21 से.मी.(अजिल्द)
942 ## - ADDED ENTRY ELEMENTS (KOHA)
Item type Hindi Books
Classification part 709.54
Call number suffix धुलधो
Source of classification or shelving scheme Dewey Decimal Classification
Holdings
Withdrawn status Lost status Not for loan Collection code Home library Current library Date acquired Source of acquisition Cost, normal purchase price Full call number Barcode Copy number Cost, replacement price Koha item type
      Non-fiction Sarojini Nagar Sarojini Nagar 29/09/2016 DBAD/PUB. 250.00 709.54 धुलधो HN-81779 1 250.00 Hindi Books

© Delhi Public Library
Hit Counter
free hit counter